Inovácie musia slúžiť firme aj zákazníkovi
Predaj priemyselných produktov požaduje od firmy kombináciu zákazníkových požiadaviek a odhadnutých potrieb. Inteligentné technológie ponúkajú vývojárom funkčné nástroje na cielenie inovácií na základe dát od klienta. Kontakt s klientom zabezpečujú obchodníci. Zohľadnenie technických aj ekonomických...
Guardado en:
| Autor principal: | |
|---|---|
| Otros Autores: | |
| Formato: | Capítulo de libro |
| Lenguaje: | eslovaco |
| Materias: | |
| Etiquetas: |
Sin Etiquetas, Sea el primero en etiquetar este registro!
|
MARC
| LEADER | 00000naa a2200000 4500 | ||
|---|---|---|---|
| 001 | 0267242 | ||
| 005 | 20200722112905.8 | ||
| 041 | 0 | |a slo | |
| 044 | |a SK | ||
| 245 | 1 | 0 | |a Inovácie musia slúžiť firme aj zákazníkovi |c Veronika Miháliková, Martin Jesný |
| 520 | |a Predaj priemyselných produktov požaduje od firmy kombináciu zákazníkových požiadaviek a odhadnutých potrieb. Inteligentné technológie ponúkajú vývojárom funkčné nástroje na cielenie inovácií na základe dát od klienta. Kontakt s klientom zabezpečujú obchodníci. Zohľadnenie technických aj ekonomických aspektov a nastavenie postupov výroby už počas vývoja výrobku. | ||
| 610 | 2 | 0 | |a výroba priemyselná |
| 610 | 2 | 0 | |a inovácie technologické |
| 610 | 2 | 0 | |a dáta |
| 610 | 2 | 0 | |a obchod |
| 610 | 2 | 0 | |a vývoj podniku |
| 610 | 2 | 0 | |a technológia výroby |
| 610 | 2 | 0 | |a manažment inovačný |
| 100 | 1 | |a Miháliková, Veronika | |
| 700 | 1 | |a Jesný, Martin | |